Skoki Narciarskie - Zdobywcy Podium ze Słowenii (2000-2009) - Statystyki

Ogólne statystyki
  • Ten quiz został rozwiązany 38 razy
  • Średni wynik to 4 z 6
Statystyki odpowiedzi
Podia Skoczek % Poprawnych
3 Primož Peterka
91%
6 Robert Kranjec
89%
3 Jernej Damjan
69%
2 Peter Žonta
66%
1 Rok Urbanc
46%
1 Igor Medved
17%
Nie znaleziono quizów pasujących do podanych kryteriów
Rozkład punktacji
Procent ludzi z każdym wynikiem
Percentyl według liczby udzielonych odpowiedzi
Twoja historia wyników
Nie rozwiązałeś tego quizu